banner-ar

نظرات فى كتاب الله / (Record no. 44970)

MARC details
000 -الفاتح
حقل البيانات ثابتة الطول 00506nam a2200181Ia 4500
008 - عناصر البيانات ثابتة الطول - معلومات عامة
حقل البيانات ثابتة الطول 140319s9999 xx 000 0 ara d
040 ## - مصدر الفهرسة
وكالة الفهرسة الأصلية GCL /
وكالة النسخ GCL
082 04 - رقم تصنيف ديوى العشرى
رقم التصنيف 227.6
رقم المادة د ن
100 1# - المدخل الرئيسى - إسم شخصى
الإسم الشخصى زينب الغزالى
245 10 - بيان العنوان
العنوان نظرات فى كتاب الله /
بيان المسئوليه,etc زينب الغزالى
700 1# - المدخل الاضافى - اسم شخصى
الإسم الشخصى عبدالحى الفرماوى
300 ## - الوصف المادى
التعداد 711 ص
490 ## - بيان السلسلة
عنوان السلسلة 100 قصة
رقم المجلد/ التعيين التسلسلي 0
650 04 - المدخل الاضافى بالموضوع-مصطلح موضوعى
مصطلح موضوعي تفسير القران الكريم
650 04 - المدخل الاضافى بالموضوع-مصطلح موضوعى
مصطلح موضوعي القران
942 ## - عناصر المدخل الإضافي( كوها)
مصدر التصنيف او مخطط الترفيف Dewey Decimal Classification
Koha [default] item type كتاب
Holdings
حالة التراجع حالة الفقد حالة تلف ليس للاعارة المكان المؤقت الموقع الحالى تاريخ الاكتساب اجمالي اﻻعارات رقم الطلب الباركود تاريخ اخر مشاهدة تاريخ تفعيل السعر نوع وعاء كوها
        مكتبة القاهرة الكبرى مكتبة القاهرة الكبرى 03/26/2014   227.6\د ن 109862 03/26/2014 03/26/2014 كتاب

Powered By

EGPV